00272nam a2200109Ia 4500008004100000041001200041082001100053100001400064245007200078260000600150650000600156221030s9999 xx 000 0 und d aEnglish a105.23 aB. Kolman 0aDiscrete Mathematical Structures For Computer Sciencecby B. Kolman c0 aB